Study of inventory control in Modi Steels : A quantitative approach (Record no. 21245)

MARC details
000 -LEADER
fixed length control field 00474nam a2200145Ia 4500
082 ## - DEWEY DECIMAL CLASSIFICATION NUMBER
Classification number TL.0047
100 ## - MAIN ENTRY--AUTHOR NAME
Personal name Lal, A.B.
245 #0 - TITLE STATEMENT
Title Study of inventory control in Modi Steels : A quantitative approach
260 ## - PUBLICATION, DISTRIBUTION, ETC. (IMPRINT)
Year of publication 1975
Name of publisher Meerut University
300 ## - PHYSICAL DESCRIPTION
Number of Pages 160, xviip. + C D - 44
650 ## - SUBJECT ADDED ENTRY--TOPICAL TERM
Topical Term MODI STEELS - INVENTORY CONTROL - 1969-1973
650 ## - SUBJECT ADDED ENTRY--TOPICAL TERM
Topical Term STEEL INDUSTRY AND TRADE - INVENTORY CONTROL///MODI STEELS - INVENTORY CONTROL
710 ## - ADDED ENTRY--CORPORATE NAME
Corporate name or jurisdiction name as entry element Khan, L.A.
942 ## - ADDED ENTRY ELEMENTS (KOHA)
Koha item type Thesis
Source of classification or shelving scheme Dewey Decimal Classification
Holdings
Withdrawn status Lost status Damaged status Not for loan Home library Current library Date acquired Full call number Accession Number Price effective from Koha item type
        NASSDOC Library NASSDOC Library 08/10/2004 TL.0047 8518 18/04/2019 Thesis